MARC

LEADER 00000nam0a2200000 4500
001 272594
005 20231101234541.0
035 |a (RuTPU)RU\TPU\book\295801 
090 |a 272594 
100 |a 20141020d1987 k y0rusy50 ca 
101 0 |a rus 
102 |a RU 
105 |a a z 001zy 
200 1 |a Окисление ориентированных и напряженных полимеров  |f А. А. Попов, Н. Я. Рапопорт, Г. Е. Заиков 
210 |a Москва  |c Химия  |d 1987 
215 |a 230 с.  |c ил. 
320 |a Библиогр.: с. 222-229 
606 1 |a Полимерные материалы  |x Резание  |2 stltpush  |3 (RuTPU)RU\TPU\subj\71702  |9 85490 
610 1 |a окисление 
610 1 |a напряжение 
610 1 |a кинетика 
610 1 |a структура 
610 1 |a свойства 
610 1 |a полиолефины 
610 1 |a автоокисление 
610 1 |a реакционная способность 
610 1 |a химические реакции 
675 |a 678.07  |v 3 
700 1 |a Попов  |b А. А.  |g Анатолий Анатольевич 
701 1 |a Рапопорт  |b Н. Я.  |g Наталья Яковлевна 
701 1 |a Заиков  |b Г. Е.  |g Геннадий Ефремович 
801 1 |a RU  |b 63413507  |c 20141020 
801 2 |a RU  |b 63413507  |c 20161229  |g RCR 
942 |c BK